Normal view
MARC view
- Wild animal trade
Entry Topical Term
001 - CONTROL NUMBER
- control field: 4745
003 - CONTROL NUMBER IDENTIFIER
- control field: OSt
005 - DATE AND TIME OF LATEST TRANSACTION
- control field: 20170515163249.0
008 - FIXED-LENGTH DATA ELEMENTS
- fixed length control field: 170515|| aca||aabn | a|a d
040 ## - CATALOGING SOURCE
- Original cataloging agency: OSt
- Transcribing agency: OSt
150 ## - HEADING--TOPICAL TERM
- Topical term or geographic name entry element: Wild animal trade
- Geographic subdivision: Laos
- Geographic subdivision: Attapu
670 ## - SOURCE DATA FOUND
- Source citation: Work cat.: (OSt): Singh, Sarinda, 4744, Trade in natural resources in Attapeu Province :

PORTAL AKMAL
E-MEL JKDM
AKMAL2U
G-BAM
u-PUSTAKA